[Event "Mondariz Balneario Cemar op 4th"]
[Site "Mondariz"]
[Date "2017.08.19"]
[Round "4"]
[White "Rodriguez Lopez, Rafael"]
[Black "Salgado Gonzalez, Julio"]
[Result "1-0"]
[WhiteElo "2303"]
[BlackElo "1785"]
[PlyCount "93"]
[EventDate "2017.08.16"]
[EventType "swiss"]
[EventRounds "9"]
[EventCountry "ESP"]
[SourceTitle "CBM 180 Extra"]
[Source "ChessBase"]
[SourceDate "2017.10.06"]
[SourceVersion "1"]
[SourceVersionDate "2017.10.06"]
[SourceQuality "1"]

1. d4 d5 2. c4 dxc4 3. Nf3 a6 4. e3 Bg4 5. Bxc4 e6 6. h3 Bh5 7. 0-0 Nf6 8. Qe2 Nbd7 9. Rd1 c6 10. e4 Nb6 11. Bb3 Be7 12. Nc3 0-0 13. g4 Bg6 14. Ne5 Qe8 15. h4 h5 16. g5 Nh7 17. Nxg6 fxg6 18. Bxe6+ Kh8 19. Bh3 Qf7 20. f4 Rae8 21. Rf1 Qc4 22. Qxc4 Nxc4 23. e5 Bd8 24. b3 Nb6 25. Bg2 Nc8 26. Be3 Ne7 27. d5 Ba5 28. Rac1 Bxc3 29. Rxc3 cxd5 30. Bc5 d4 31. Rd3 Rf7 32. Bxe7 Rfxe7 33. Rxd4 Nf8 34. Rd6 Kh7 35. Rb6 Ne6 36. Rxb7 a5 37. Rxe7 Rxe7 38. Bd5 Nd4 39. Be4 Rf7 40. Kg2 Ne2 41. f5 gxf5 42. Rxf5 Rxf5 43. Bxf5+ g6 44. Kf2 Nd4 45. Be4 Kg7 46. Ke3 Ne6 47. Bd5 1-0

[Event "Mondariz Marcote Memorial"]
[Site "Mondariz"]
[Date "2014.08.16"]
[Round "1"]
[White "Salgado Gonzalez, Julio"]
[Black "Manolache, Marius"]
[Result "0-1"]
[WhiteElo "1838"]
[BlackElo "2490"]
[PlyCount "76"]
[EventDate "2014.08.16"]
[EventType "swiss"]
[EventRounds "9"]
[EventCountry "ESP"]
[SourceTitle "EXT 2015"]
[Source "ChessBase"]
[SourceDate "2014.11.20"]
[SourceVersion "1"]
[SourceVersionDate "2014.11.20"]
[SourceQuality "1"]

1. d4 Nf6 2. Nf3 g6 3. Nc3 d5 4. Bf4 Bg7 5. e3 0-0 6. Be2 c6 7. h4 Qb6 8. Rb1 Nbd7 9. Ne5 Ne4 10. Nxe4 dxe4 11. Nc4 Qd8 12. h5 Re8 13. hxg6 hxg6 14. Nd2 e5 15. dxe5 Bxe5 16. Bxe5 Rxe5 17. Bc4 Nf6 18. Qe2 Qe7 19. Rd1 Bg4 20. Qf1 Bxd1 21. Kxd1 Rd8 22. Kc1 Kg7 23. Nb3 a6 24. g4 Nxg4 25. Be2 Nf6 26. Nd4 Rh8 27. Rg1 c5 28. Nb3 Rh2 29. Nd2 Rf5 30. Rg2 Rh8 31. c3 b5 32. Kc2 c4 33. Qg1 Rd5 34. f4 exf3 35. Nxf3 Qe4+ 36. Kc1 Rh3 37. Ng5 Rxg5 38. Rxg5 Rh1 0-1

[Event "Mondariz op 10th"]
[Site "Mondariz"]
[Date "2012.08.25"]
[Round "1"]
[White "Blanco Gutierrez, Pedro"]
[Black "Salgado Gonzalez, Julio"]
[Result "1/2-1/2"]
[WhiteElo "2128"]
[BlackElo "1852"]
[PlyCount "63"]
[EventDate "2012.08.25"]
[EventType "swiss"]
[EventRounds "8"]
[EventCountry "ESP"]
[SourceTitle "EXT 2014"]
[Source "ChessBase"]
[SourceDate "2013.11.20"]
[SourceVersion "1"]
[SourceVersionDate "2013.11.20"]
[SourceQuality "1"]

1. c4 e5 2. g3 Nf6 3. Bg2 Bc5 4. Nc3 Nc6 5. Nf3 d6 6. 0-0 Be6 7. d3 a6 8. Bg5 Ba7 9. Nd5 Bxd5 10. cxd5 Nd4 11. Nxd4 Bxd4 12. e3 Bb6 13. Qa4+ Qd7 14. Qh4 Qf5 15. e4 Qg6 16. Kh1 Nd7 17. f4 f6 18. Bf3 fxg5 19. fxg5 h5 20. g4 0-0-0 21. gxh5 Be3 22. Bg4 Qxg5 23. Qxg5 Bxg5 24. Rf7 Bf6 25. Rc1 Rhe8 26. Rf1 Rh8 27. Rc1 Bg5 28. Rc2 Bf6 29. h3 Rhe8 30. Rf2 Rh8 31. Rc2 Rhe8 32. Rf2 1/2-1/2

[Event "Benidorm op U2000 09th"]
[Site "Benidorm"]
[Date "2010.12.08"]
[Round "7"]
[White "Picazo Gonzalez, Alejandro"]
[Black "Salgado Gonzalez, Julio"]
[Result "1-0"]
[WhiteElo "1955"]
[BlackElo "1843"]
[PlyCount "41"]
[EventDate "2010.12.03"]
[EventType "swiss"]
[EventRounds "10"]
[EventCountry "ESP"]
[SourceTitle "CBM 139 Extra"]
[Source "ChessBase"]
[SourceDate "2011.01.05"]
[SourceVersion "1"]
[SourceVersionDate "2011.01.05"]
[SourceQuality "1"]

1. e4 Nc6 2. d4 d5 3. exd5 Qxd5 4. Nf3 Bg4 5. Be2 0-0-0 6. c4 Qh5 7. 0-0 e5 8. h3 Bxf3 9. Bxf3 Qg6 10. d5 Nd4 11. Nc3 f5 12. Be3 Bc5 13. Bxd4 Bxd4 14. Nb5 Bb6 15. a4 a6 16. a5 axb5 17. axb6 Qxb6 18. Qc2 bxc4 19. Ra8+ Kd7 20. Qxf5+ Ke8 21. Rxd8+ 1-0

[Event "Burgas op 18th"]
[Site "Ourense"]
[Date "2009.07.11"]
[Round "5"]
[White "Salgado Gonzalez, Julio"]
[Black "Alvarez Pedraza, Aramis"]
[Result "0-1"]
[WhiteElo "1920"]
[BlackElo "2460"]
[PlyCount "64"]
[EventDate "2009.07.07"]
[EventType "swiss"]
[EventRounds "9"]
[EventCountry "ESP"]
[SourceTitle "CBM 131 Extra"]
[Source "ChessBase"]
[SourceDate "2009.09.03"]
[SourceVersion "2"]
[SourceVersionDate "2009.09.16"]
[SourceQuality "1"]

1. d4 Nf6 2. Nf3 e6 3. Bf4 c5 4. e3 b6 5. Bd3 Bb7 6. Nbd2 cxd4 7. exd4 Be7 8. c3 d6 9. 0-0 Nbd7 10. Qe2 a6 11. Rfe1 0-0 12. Nc4 Qc7 13. Ng5 Rae8 14. Rad1 h6 15. Nf3 b5 16. Ncd2 Nb6 17. h3 Bd5 18. Qe3 Nh7 19. Bxh6 gxh6 20. Qxh6 f5 21. g4 Bf6 22. gxf5 Qg7+ 23. Qxg7+ Bxg7 24. Nh4 Bh6 25. fxe6 Rxe6 26. Rxe6 Bxe6 27. Ne4 Ng5 28. Ng6 Nxh3+ 29. Kf1 Rf7 30. Re1 Nc4 31. Bxc4 bxc4 32. Kg2 Rg7 0-1

[Event "Cambados op 24th"]
[Site "Cambados"]
[Date "2008.08.04"]
[Round "4"]
[White "Palacios Gonzalez, Miguel"]
[Black "Salgado Gonzalez, Julio"]
[Result "0-1"]
[WhiteElo "1588"]
[BlackElo "1916"]
[PlyCount "48"]
[EventDate "2008.08.01"]
[EventType "swiss"]
[EventRounds "9"]
[EventCountry "ESP"]
[SourceTitle "CBM 125 Extra"]
[Source "ChessBase"]
[SourceDate "2008.09.01"]
[SourceVersion "1"]
[SourceVersionDate "2008.09.01"]
[SourceQuality "1"]

1. e4 Nc6 2. d4 d5 3. exd5 Qxd5 4. c3 e5 5. Be3 exd4 6. cxd4 Be6 7. Nc3 Bb4 8. a3 Bxc3+ 9. bxc3 Nf6 10. c4 Qe4 11. Nf3 Rd8 12. Bd3 Qg4 13. 0-0 0-0 14. Qb1 Bc8 15. d5 Ne7 16. Bxa7 b6 17. Bb8 Qf4 18. Ba7 Bg4 19. Be2 Nf5 20. Bxb6 cxb6 21. Qxb6 Bxf3 22. gxf3 Nd4 23. Bd1 Rd6 24. Qc7 Nxd5 0-1

[Event "Calvia Veterans op 4th"]
[Site "Calvia"]
[Date "2007.10.22"]
[Round "8"]
[White "Salgado Gonzalez, Julio"]
[Black "Mercadal Melia, Dante"]
[Result "1-0"]
[WhiteElo "1926"]
[BlackElo "1986"]
[PlyCount "85"]
[EventDate "2007.10.15"]
[EventType "swiss"]
[EventRounds "9"]
[EventCountry "ESP"]
[SourceTitle "CBM 120 Extra"]
[Source "ChessBase"]
[SourceDate "2007.11.01"]
[SourceVersion "1"]
[SourceVersionDate "2007.11.01"]
[SourceQuality "1"]

1. d4 Nf6 2. Bf4 e6 3. e3 b6 4. c3 Bb7 5. Nd2 c5 6. Ngf3 d5 7. Bd3 Bd6 8. Ne5 Nc6 9. Bg3 cxd4 10. exd4 Rc8 11. Qe2 h6 12. 0-0 0-0 13. f4 Ne7 14. Rae1 Re8 15. Rf3 Nh5 16. Bh4 Qc7 17. g4 f6 18. gxh5 fxe5 19. fxe5 Nf5 20. exd6 Qxd6 21. Bg3 Qd8 22. Bxf5 exf5 23. Qxe8+ Qxe8 24. Rxe8+ Rxe8 25. Rxf5 Re2 26. Rf2 Re1+ 27. Kg2 Re3 28. Nf3 Ba6 29. Ne5 Be2 30. Nf3 Bd3 31. Bf4 Re4 32. Kg3 Be2 33. Nd2 Re6 34. Kh4 Bd1 35. Rg2 Rf6 36. Be5 Rf5 37. Rxg7+ Kf8 38. Rg6 Rxh5+ 39. Kg3 Be2 40. h4 Kf7 41. Rf6+ Ke7 42. Nf3 Bd3 43. Kg4 1-0

[Event "Calvia Veterans op 4th"]
[Site "Calvia"]
[Date "2007.10.17"]
[Round "3"]
[White "Forteza Valls, Jose Maria"]
[Black "Salgado Gonzalez, Julio"]
[Result "1-0"]
[WhiteElo "2119"]
[BlackElo "1926"]
[PlyCount "133"]
[EventDate "2007.10.15"]
[EventType "swiss"]
[EventRounds "9"]
[EventCountry "ESP"]
[SourceTitle "CBM 120 Extra"]
[Source "ChessBase"]
[SourceDate "2007.11.01"]
[SourceVersion "1"]
[SourceVersionDate "2007.11.01"]
[SourceQuality "1"]

1. e4 Nc6 2. Nf3 d5 3. exd5 Qxd5 4. Nc3 Qa5 5. Bb5 Bd7 6. 0-0 a6 7. Ba4 0-0-0 8. d4 Nf6 9. a3 Qh5 10. Bxc6 Bxc6 11. Ne5 Be8 12. Be3 Qxd1 13. Raxd1 e6 14. f4 Nd5 15. Nxd5 exd5 16. f5 f6 17. Nd3 Bd6 18. Bf4 Bh5 19. Rde1 Rhe8 20. Bxd6 Rxd6 21. h3 b6 22. g4 Bf7 23. Rxe8+ Bxe8 24. Re1 Bf7 25. Kf2 Kd7 26. Nf4 c5 27. Ke3 g5 28. Nd3 c4 29. Nb4 a5 30. Na2 b5 31. Kd2 Rb6 32. Nc3 Rb8 33. b4 cxb3 34. cxb3 b4 35. Na4 bxa3 36. Nc5+ Kd6 37. Ra1 a4 38. Rxa3 axb3 39. Nxb3 Ke7 40. Kc3 Kf8 41. Ra7 h5 42. Nc5 Rc8 43. Kd3 hxg4 44. hxg4 Rc6 45. Rb7 Kg8 46. Kc3 Rc8 47. Kb4 Re8 48. Kb5 Re1 49. Kc6 Rg1 50. Rb8+ Kg7 51. Ne6+ Bxe6 52. fxe6 Re1 53. Kd7 f5 54. e7 fxg4 55. e8Q Rxe8 56. Rxe8 Kf6 57. Rf8+ Kg6 58. Ke6 Kh5 59. Kf5 Kh4 60. Rh8+ Kg3 61. Kxg5 Kf3 62. Rf8+ Ke3 63. Kxg4 Kxd4 64. Rd8 Ke4 65. Re8+ Kd3 66. Kf3 d4 67. Rc8 1-0

[Event "Calvia Veterans op 4th"]
[Site "Calvia"]
[Date "2007.10.16"]
[Round "2"]
[White "Salgado Gonzalez, Julio"]
[Black "Kuenitz, Klaus"]
[Result "1-0"]
[WhiteElo "1926"]
[BlackElo "1695"]
[PlyCount "35"]
[EventDate "2007.10.15"]
[EventType "swiss"]
[EventRounds "9"]
[EventCountry "ESP"]
[SourceTitle "CBM 120 Extra"]
[Source "ChessBase"]
[SourceDate "2007.11.01"]
[SourceVersion "1"]
[SourceVersionDate "2007.11.01"]
[SourceQuality "1"]

1. d4 f5 2. Bg5 g6 3. Nd2 Bg7 4. c3 Nf6 5. Bxf6 Bxf6 6. e4 d6 7. Ngf3 0-0 8. h4 e5 9. Qb3+ Kg7 10. dxe5 dxe5 11. 0-0-0 Qe7 12. Bd3 Nd7 13. Bc2 Nc5 14. Qa3 f4 15. g3 Bg4 16. gxf4 exf4 17. Rde1 Nd7 18. e5 1-0